All winners of Japanese Derby since 1970 - Statistics

General Stats
  • This quiz has been taken 7 times
    4 since last reset
  • The average score is 29 of 56
Answer Stats
Race(Year) Answer Jockey % Correct
66th (1999) Admire Vega Yutaka Take
100%
72nd (2005) Deep Impact Yutaka Take
100%
82nd (2015) Duramente Mirco Demuro
100%
68th (2001) Jungle Pocket Koichi Tsunoda
100%
61st (1994) Narita Brian Katsumi Minai
100%
78th (2011) Orfevre Kenichi Ikezoe
100%
55th (1988) Sakura Chiyono O Futoshi Kojima
100%
65th (1998) Special Week Yutaka Take
100%
51st (1984) Symboli Rudolph Yukio Okabe
100%
69th (2002) Tanino Gimlet Yutaka Take
100%
74th (2007) Vodka Hirofumi Shii
100%
67th (2000) Agnes Flight Hiroshi Kawachi
75%
92nd(2025) Croix du Nord Yuichi Kitamura
75%
89th (2022) Do Deuce Yutaka Take
75%
57th (1990) Ines Fujin Eiji Nakano
75%
59th (1992) Mihono Bourbon Sadahiro Kojima
75%
50th (1983) Mr. C. B. Masato Yoshinaga
75%
52nd (1985) Sirius Symboli Kazuhiro Kato
75%
58th (1991) Tokai Teio Takayuki Yasuda
75%
60th (1993) Winning Ticket Masato Shibata
75%
87th (2020) Contrail Yuichi Fukunaga
50%
77th (2010) Eishin Flash Hiroyuki Uchida
50%
71st (2004) King Kamehameha Katsumi Ando
50%
73rd (2006) Meisho Samson Mamoru Ishibashi
50%
70th (2003) Neo Universe Mirco Demuro
50%
84th (2017) Rey de Oro Christophe Lemaire
50%
90th (2023) Tastiera Damian Lane
50%
49th (1982) Bamboo Atlas Ichizo Iwamoto
25%
43rd (1976) Climb Kaiser Takemi Kaga
25%
41st (1974) Colonel Lancer Hiroyuki Nakajima
25%
91st (2024) Danon Decile Norihiro Yokoyama
25%
79th (2012) Deep Brillante Yasunari Iwata
25%
75th (2008) Deep Sky Hirofumi Shii
25%
53rd (1986) Dyna Gulliver Sueo Masuzawa
25%
63rd (1996) Fusaichi Concorde Shinji Fujita
25%
38th (1971) Hikaru Imai Yoshiyasu Tajima
25%
42nd (1975) Kaburaya O Yasuo Sugawara
25%
46th (1979) Katsurano Haiseiko Yoshito Matsumoto
25%
48th (1981) Katsu Top Ace Shoichi Osaki
25%
80th (2013) Kizuna Yutaka Take
25%
76th (2009) Logi Universe Norihiro Yokoyama
25%
39th (1972) Long Ace Kunihiko Take
25%
44th (1977) Lucky Ruler Masanori Ito
25%
83rd (2016) Makahiki Yuga Kawada
25%
54th (1987) Merry Nice Yasuhiro Nemoto
25%
81st (2014) One and Only Norihiro Yokoyama
25%
47th (1980) OPEC Horse Hiroyuki Gohara
25%
86th (2019) Roger Barows Suguru Hamanaka
25%
45th (1978) Sakura Shori Futoshi Kojima
25%
88th (2021) Shahryar Yuichi Fukunaga
25%
64th (1997) Sunny Brian Naohiro Onishi
25%
40th (1973) Take Hope Isao Shimada
25%
37th (1970) Tanino Moutiers Isao Yasuda
25%
62nd (1995) Tayasu Tsuyoshi Sadahiro Kojima
25%
85th (2018) Wagnerian Yuichi Fukunaga
25%
56th (1989) Winner's Circle Hiroyuki Gohara
25%
No matching quizzes found
Score Distribution
Percent of People with Each Score
Percentile by Number Answered
Your Score History
You have not taken this quiz since the last reset